<?xml version="1.0" encoding="UTF-8"?>
<record
    xmlns:xsi="http://www.w3.org/2001/XMLSchema-instance"
    xsi:schemaLocation="http://www.loc.gov/MARC21/slim http://www.loc.gov/standards/marcxml/schema/MARC21slim.xsd"
    xmlns="http://www.loc.gov/MARC21/slim">

  <leader>03055nam a22002897a 4500</leader>
  <controlfield tag="001">10125</controlfield>
  <controlfield tag="003">FISKH</controlfield>
  <controlfield tag="005">20260422102445.0</controlfield>
  <controlfield tag="008">260422b        cb ||||| |||| 00| 0 eng d</controlfield>
  <datafield tag="040" ind1=" " ind2=" ">
    <subfield code="a">FISKH</subfield>
    <subfield code="b">khr</subfield>
    <subfield code="c">FISKH</subfield>
    <subfield code="d">FISKH</subfield>
  </datafield>
  <datafield tag="050" ind1=" " ind2=" ">
    <subfield code="a">PZ7</subfield>
  </datafield>
  <datafield tag="082" ind1=" " ind2=" ">
    <subfield code="a">398.2</subfield>
  </datafield>
  <datafield tag="100" ind1=" " ind2=" ">
    <subfield code="a">Son , Ven</subfield>
  </datafield>
  <datafield tag="245" ind1=" " ind2=" ">
    <subfield code="a">&#x1780;&#x17BC;&#x1793;&#x1796;&#x17D2;&#x179A;&#x17B6;&#x1794;&#x1793;&#x17B7;&#x1784;&#x1794;&#x179A;&#x17B7;&#x179C;&#x17B6;&#x179A; /</subfield>
    <subfield code="c">&#x179A;&#x17C0;&#x1794;&#x179A;&#x17C0;&#x1784;&#x178A;&#x17C4;&#x1799; &#x179B;&#x17C4;&#x1780; &#x179C;&#x17C9;&#x17C2;&#x1793; &#x179F;&#x17BB;&#x1793; : &#x1782;&#x17BC;&#x179A;&#x179A;&#x17BC;&#x1794;&#x178A;&#x17C4;&#x1799; &#x1782;&#x17B9;&#x1798; &#x179F;&#x17BB;&#x1782;&#x1793;&#x17D2;&#x1792;</subfield>
  </datafield>
  <datafield tag="260" ind1=" " ind2=" ">
    <subfield code="a">&#x1797;&#x17D2;&#x1793;&#x17C6;&#x1796;&#x17C1;&#x1789; :</subfield>
    <subfield code="b">&#x17A2;&#x1784;&#x17D2;&#x1782;&#x1780;&#x17B6;&#x179A;&#x179F;&#x1793;&#x17D2;&#x178F;&#x17B7;&#x179F;&#x17D2;&#x1798;&#x17D0;&#x1782;&#x17D2;&#x179A;&#x1785;&#x17B7;&#x178F;&#x17D2;&#x178F; ( SVA ) ,</subfield>
    <subfield code="c">2012.</subfield>
  </datafield>
  <datafield tag="300" ind1=" " ind2=" ">
    <subfield code="a">22 pages : </subfield>
    <subfield code="b">color illustrations ; </subfield>
    <subfield code="c">30 cm . </subfield>
  </datafield>
  <datafield tag="505" ind1=" " ind2=" ">
    <subfield code="a">K 
</subfield>
  </datafield>
  <datafield tag="520" ind1=" " ind2=" ">
    <subfield code="a">&#x1780;&#x17B6;&#x179B;&#x1793;&#x17C4;&#x17C7;&#x1798;&#x17B6;&#x1793;&#x179F;&#x17D2;&#x178F;&#x17C1;&#x1785;&#x1796;&#x17D2;&#x179A;&#x17B6;&#x1794;&#x1793;&#x17B7;&#x1784;&#x1794;&#x179A;&#x17B7;&#x179C;&#x17B6;&#x179A;&#x1798;&#x17BD;&#x1799;&#x17A0;&#x17D2;&#x179C;&#x17BC;&#x1784;&#x17A0;&#x17BE;&#x179A;&#x179F;&#x17D2;&#x179C;&#x17C2;&#x1784;&#x179A;&#x1780;&#x1785;&#x17C6;&#x1793;&#x17B8; &#x1796;&#x17BD;&#x1780;&#x1782;&#x17C1;&#x1780;&#x17CF;&#x1794;&#x17D2;&#x179A;&#x1791;&#x17C7;&#x1783;&#x17BE;&#x1789;&#x179F;&#x17D2;&#x179A;&#x17BC;&#x179C;&#x1787;&#x17B6;&#x1785;&#x17D2;&#x179A;&#x17BE;&#x1793;&#x1793;&#x17C5;&#x179B;&#x17BE;&#x178A;&#x17B8; &#x178A;&#x17C4;&#x1799;&#x1797;&#x17B6;&#x1796;&#x179C;&#x17C3;&#x1786;&#x17D2;&#x179B;&#x17B6;&#x178F;&#x179F;&#x17D2;&#x178F;&#x17C1;&#x1785;&#x1796;&#x17D2;&#x179A;&#x17B6;&#x1794;&#x1798;&#x17B7;&#x1793;&#x1785;&#x17BB;&#x17C7;&#x179F;&#x17BB;&#x17B8;&#x179F;&#x17D2;&#x179A;&#x17BC;&#x179C;&#x1793;&#x17C4;&#x17C7;&#x1791;&#x17C1; &#x178F;&#x17C2;&#x1796;&#x17BD;&#x1780;&#x1794;&#x179A;&#x17B7;&#x179C;&#x17B6;&#x179A;&#x1798;&#x17B7;&#x1793;&#x179F;&#x17D2;&#x178F;&#x17B6;&#x1794;&#x17CB;&#x1794;&#x1784;&#x17D2;&#x1780;&#x17B6;&#x1794;&#x17CB;&#x1780;&#x17CF;&#x1785;&#x17BB;&#x17C7;&#x179F;&#x17BB;&#x17B8;&#x179A;&#x17A0;&#x17BC;&#x178F;&#x1787;&#x17B6;&#x1794;&#x17CB;&#x17A2;&#x1793;&#x17D2;&#x1791;&#x17B6;&#x1780;&#x17CB;&#x1796;&#x17D2;&#x179A;&#x17B6;&#x1793; &#x17D4; &#x179F;&#x17D2;&#x178F;&#x17C1;&#x1785;&#x1796;&#x17D2;&#x179A;&#x17B6;&#x1794;&#x1780;&#x17CF;&#x1794;&#x17D2;&#x179A;&#x17BE;&#x1782;&#x17D2;&#x179A;&#x1794;&#x17CB;&#x1798;&#x1792;&#x17D2;&#x1799;&#x17C4;&#x1794;&#x17B6;&#x1799;&#x178A;&#x17BE;&#x1798;&#x17D2;&#x1794;&#x17B8;&#x1787;&#x17BD;&#x1799;&#x1781;&#x17D2;&#x179B;&#x17BD;&#x1793;&#x1793;&#x17B7;&#x1784;&#x1794;&#x179A;&#x17B7;&#x179C;&#x17B6;&#x179A; &#x17D4;&#x200B; &#x1796;&#x17BD;&#x1780;&#x179C;&#x17B6;&#x1781;&#x17C6;&#x17A0;&#x17BE;&#x179A;&#x1791;&#x17C5;&#x179B;&#x17BE;&#x178A;&#x17C6;&#x1794;&#x17BC;&#x1780;&#x179A;&#x1794;&#x179F;&#x17CB;&#x179F;&#x17D2;&#x178F;&#x17C1;&#x1785;&#x1780;&#x178E;&#x17D2;&#x178F;&#x17BB;&#x179A;&#x178A;&#x17C2;&#x179B;&#x1787;&#x17B6;&#x179F;&#x1798;&#x17D2;&#x179B;&#x17B6;&#x1789;&#x17CB;&#x1793;&#x17B9;&#x1784;&#x1782;&#x17D2;&#x1793;&#x17B6;&#x200B; &#x17D4; &#x1780;&#x178E;&#x17D2;&#x178F;&#x17BB;&#x179A;&#x1793;&#x17B7;&#x1784;&#x1794;&#x179A;&#x17B7;&#x179C;&#x17B6;&#x179A;&#x1780;&#x17CF;&#x1781;&#x17C6;&#x1781;&#x17B6;&#x17C6;&#x1780;&#x179A;&#x1780;&#x17C1;&#x179A;&#x1781;&#x17D2;&#x179F;&#x17C2;&#x179A;&#x17A0;&#x17BC;&#x178F;&#x178A;&#x17B6;&#x1785;&#x17CB; &#x17D4; &#x1794;&#x1793;&#x17D2;&#x1791;&#x17B6;&#x1794;&#x17CB;&#x1798;&#x1780;&#x179F;&#x17D2;&#x178F;&#x17C1;&#x1785;&#x1796;&#x17D2;&#x179A;&#x17B6;&#x1794;&#x1780;&#x17CF;&#x1790;&#x17D2;&#x179B;&#x17C2;&#x1784;&#x17A2;&#x17C6;&#x1793;&#x179A;&#x1782;&#x17BB;&#x178E;&#x178A;&#x179B;&#x17CB;&#x179F;&#x17D2;&#x178F;&#x17C1;&#x1785;&#x1780;&#x178E;&#x17D2;&#x178F;&#x17BB;&#x179A;&#x17A0;&#x17BE;&#x1799;&#x1793;&#x17B6;&#x17C6;&#x1794;&#x179A;&#x17B7;&#x179C;&#x17B6;&#x179A;&#x178F;&#x17D2;&#x179A;&#x179B;&#x1794;&#x17CB;&#x1798;&#x1780;&#x1793;&#x17C5;&#x179B;&#x17C6;&#x1793;&#x17C5;&#x179A;&#x1794;&#x179F;&#x17CB;&#x1781;&#x17D2;&#x179B;&#x17BD;&#x1793;&#x179C;&#x17B7;&#x1789; &#x17D4;&#x200B;</subfield>
  </datafield>
  <datafield tag="520" ind1=" " ind2=" ">
    <subfield code="a">Once upon a time, there was a pigeon king and his flock flying in search of food. They came across a large amount of rice scattered on the ground. Because of his wisdom, the pigeon king did not go down to eat the rice. However, his followers did not listen to his warning and went down to eat, and they were caught in a hunter&#x2019;s trap.

The pigeon king then used every possible way to save himself and his flock. They all worked together and flew to the home of the mouse king, who was their friend. The mouse king and his followers helped by gnawing through the net until it was completely cut.

After that, the pigeon king expressed his gratitude to the mouse king and then led his flock back to their home safely.</subfield>
  </datafield>
  <datafield tag="521" ind1="8" ind2=" ">
    <subfield code="a">510 
</subfield>
    <subfield code="b">Lexile estimate 
</subfield>
  </datafield>
  <datafield tag="521" ind1="8" ind2=" ">
    <subfield code="a">K 
</subfield>
    <subfield code="b">Raz-Plus 
</subfield>
  </datafield>
  <datafield tag="650" ind1=" " ind2=" ">
    <subfield code="a">&#x179F;&#x17D2;&#x178F;&#x17C1;&#x1785;&#x1796;&#x17D2;&#x179A;&#x17B6;&#x1794;&#x1793;&#x17B7;&#x1784;&#x1794;&#x179A;&#x17B7;&#x179C;&#x17B6;&#x179A;</subfield>
    <subfield code="v">&#x179A;&#x17BF;&#x1784;&#x1793;&#x17B7;&#x1791;&#x17B6;&#x1793;&#x1780;&#x17BB;&#x1798;&#x17B6;&#x179A;</subfield>
  </datafield>
  <datafield tag="650" ind1=" " ind2=" ">
    <subfield code="a">The pigeon king and his flock</subfield>
    <subfield code="v">Children's Stories </subfield>
  </datafield>
  <datafield tag="700" ind1=" " ind2=" ">
    <subfield code="a">Sokun , Kim</subfield>
    <subfield code="e">Illustrator</subfield>
  </datafield>
  <datafield tag="942" ind1=" " ind2=" ">
    <subfield code="2">ddc</subfield>
    <subfield code="c">BK</subfield>
    <subfield code="n">0</subfield>
  </datafield>
  <datafield tag="999" ind1=" " ind2=" ">
    <subfield code="c">10125</subfield>
    <subfield code="d">10125</subfield>
  </datafield>
  <datafield tag="952" ind1=" " ind2=" ">
    <subfield code="0">0</subfield>
    <subfield code="1">0</subfield>
    <subfield code="2">ddc</subfield>
    <subfield code="4">0</subfield>
    <subfield code="7">0</subfield>
    <subfield code="8">KH</subfield>
    <subfield code="a">002</subfield>
    <subfield code="b">002</subfield>
    <subfield code="c">TTP Yellow </subfield>
    <subfield code="d">2026-04-22</subfield>
    <subfield code="l">0</subfield>
    <subfield code="o">SON PZ7 398.2</subfield>
    <subfield code="p">2026-0515</subfield>
    <subfield code="r">2026-04-22 10:24:42</subfield>
    <subfield code="w">2026-04-22</subfield>
    <subfield code="y">BK</subfield>
  </datafield>
</record>
